| 000 | 00715nam a22001577a 4500 | ||
|---|---|---|---|
| 003 | OSt | ||
| 005 | 20161130141151.0 | ||
| 008 | 161130b xxu||||| |||| 00| 0 eng d | ||
| 040 | _cRUA | ||
| 082 | _aFOR SOR 2015 B544 Or.1 | ||
| 100 |
_911470 _aSORN SOKHENG; សន សុខខេង |
||
| 245 | _aStudy on tourism potential at phnom tamao zoological park and wildlife rescue centre takeo province; សិក្សាពីសក្តានុពលទេសចរណ៏នៅឧទ្យានសួនសត្វ និងមជ្ឈមណ្ឌលសង្គ្រោះសត្វព្រៃភ្នំពេញ | ||
| 260 |
_aPHNOM PENH _bSOR _c2015 |
||
| 300 |
_ax;44p. _bill. _c29cm. |
||
| 942 |
_2ddc _cFOR |
||
| 999 |
_c11024 _d11024 |
||